| 000 | 00557nam a2200229 a 4500 | ||
|---|---|---|---|
| 001 | nice12345678 | ||
| 003 | IN_TiNIC | ||
| 005 | 20260116014453.0 | ||
| 008 | 070411s2005 newa grp 000 0 eng | ||
| 020 |
_a _c20 |
||
| 082 | 0 | 0 |
_a326.58 _bMAT |
| 100 | _aMathew, P D | ||
| 245 | _aFree Legal Service to the Poor | ||
| 260 |
_aNew Delhi _bIndian Social Institute _c2005 |
||
| 300 | _a51p | ||
| 500 | _aincludes index and biblioraphy | ||
| 650 | _aLaw-Social Sience | ||
| 700 | 1 | _aMathew, P D | |
| 902 | _bSRS | ||
| 942 | _cBK | ||
| 999 |
_c15493 _d15493 |
||